00746 a2200205 4500010001400000020002400014035001300038037001500051082001400066090001500080100001800095245007600113260004000189270004600229300003000275500005100305942002900356999001500385952014000400 aENG-88515 a8189915428c1350.00 aEN-72048 bDBAD / PUB14a332.10954 c8749d8749 aPal, Jatinder1 aFinancial sector reforms and monetary policy in India/cby Jatinder Pal aNew DelhibRegal Publicationsc2007 aF-159, Rajouri GardenbNew Delhie110 027 axxiii, 508p.c22cm (Hb ) aIncludes bibliographical references and index adplcENk332.10954 / PAL c8592d8592 00102ddc40718NFICaDBADbDBADeDBAD/PUBg1350.00l0o332.10954 PALpEN-72048r2008-09-15 00:00:00t1u9532v1350.00w2008-09-15yEN